Konvergencia európskych ekonomík diplomová práca

Na minha lista:
Detalhes bibliográficos
Autor principal: Kravec, Matej
Autor Corporativo: Fakulta hospodárskej informatiky EU. Katedra operačného výskumu a ekonometrie
Outros Autores: Szomolányi, Karol, 1976-
Formato: Livro
Idioma:eslovaco
Publicado em: Bratislava 2016
Tags: Adicionar Tag
Sem tags, seja o primeiro a adicionar uma tag!

MARC

LEADER 00000nbm a2200000 4500
001 0216832
005 20170215094904.2
041 0 |a slo 
044 |a SK 
245 1 0 |a Konvergencia európskych ekonomík  |b diplomová práca  |c Matej Kravec ; školiteľ: Karol Szomolányi 
264 1 |a Bratislava  |c 2016 
300 |a 85 s. 
100 1 |a Kravec, Matej 
700 1 |a Szomolányi, Karol, 1976- 
710 2 |a Fakulta hospodárskej informatiky EU. Katedra operačného výskumu a ekonometrie